Marriage and morals / (Record no. 4440)
[ view plain ]
| 000 -LEADER | |
|---|---|
| fixed length control field | 00701cam a22002531i 4500 |
| 001 - CONTROL NUMBER | |
| control field | 4440 |
| 003 - CONTROL NUMBER IDENTIFIER | |
| rucl marc code | BD-RjUL |
| 005 - DATE AND TIME OF LATEST TRANSACTION | |
| control field | 20211208233907.0 |
| 008 - FIXED-LENGTH DATA ELEMENTS--GENERAL INFORMATION | |
| fixed length control field | 161201r19581956nyu 001 0 eng |
| 035 ## - SYSTEM CONTROL NUMBER | |
| System control number | (BD-RjUL)4475 |
| System control number | (OCoLC)7846658 |
| 040 ## - CATALOGING SOURCE | |
| Original cataloging agency | DLC |
| Transcribing agency | OAU |
| Modifying agency | BD-RjUL |
| Language of cataloging | eng |
| 041 ## - LANGUAGE CODE | |
| Language code of text/sound track or separate title | eng |
| 082 04 - DEWEY DECIMAL CLASSIFICATION NUMBER | |
| Classification number | 173 |
| Author mark and year | RUM 1958 |
| 100 1# - MAIN ENTRY--PERSONAL NAME | |
| Personal name | Russell, Bertrand, |
| Dates associated with a name | 1872-1970 |
| 9 (RLIN) | 14042 |
| 245 10 - TITLE STATEMENT | |
| Title | Marriage and morals / |
| Statement of responsibility, etc. | Bertrand Russell. |
| 260 ## - PUBLICATION, DISTRIBUTION, ETC. (IMPRINT) | |
| Place of publication, distribution, etc. | London : |
| Name of publisher, distributor, etc. | George Allen and Unwin, |
| Date of publication, distribution, etc. | c1951 [Timpression 1958]. |
| 300 ## - PHYSICAL DESCRIPTION | |
| Pagination | 254 p. ; |
| Size | 19 cm. |
| 504 ## - BIBLIOGRAPHY, ETC. NOTE | |
| Bibliography, etc | Includes index. |
| 650 #0 - SUBJECT ADDED ENTRY--TOPICAL TERM | |
| Topical term or geographic name as entry element | Sexual ethics. |
| 9 (RLIN) | 14043 |
| Topical term or geographic name as entry element | Marriage. |
| 9 (RLIN) | 14044 |
| 942 ## - ADDED ENTRY ELEMENTS (KOHA) | |
| Source of classification or shelving scheme | Dewey Decimal Classification |
| Koha item type | Books |
| Lost status | Source of classification or shelving scheme | Damaged status | Not for loan | Collection code | Permanent Location | Current Location | Shelving location | Date acquired | Source of acquisition | Cost, normal purchase price | Total Checkouts | Full call number | Date last seen | Copy number | Koha item type |
|---|---|---|---|---|---|---|---|---|---|---|---|---|---|---|---|
| Dewey Decimal Classification | Non-fiction | Central Library, University of Rajshahi | Central Library, University of Rajshahi | 07/03/2063 | Zeitlinger | 12.60 | 173 RUM 1958 | 22/12/2013 | C-3 | Books | |||||
| Dewey Decimal Classification | Non-fiction | Central Library, University of Rajshahi | Central Library, University of Rajshahi | 12/04/1955 | Allies books com | 5.15 | 173 RUM 1952 | 25/07/2016 | C-2 | Books | |||||
| Dewey Decimal Classification | Not For Loan | Non-fiction | Central Library, University of Rajshahi | Central Library, University of Rajshahi | Reading Room | 21/09/1953 | B.H. Blackwell | 95.60 | 173 RUM 1952 | 01/12/2016 | C-1 | Books |